01230 am a2200217 a 450000500170000000800410001702000150005804100080007311000400008124502360012125000800035726000260043730000110046350002640047465300430073865300580078165300220083965300450086165300510090665300550095720240219134157.0100318s2001||||sp d f |||| 001 0 spa d a8479034912 aspa1 aOrganización Mundial de la Salud. aClasificación multiaxial de los trastornos psiquiátricos en niños y adolescentes. bClasificación de la CIE-10 de los trastornos mentales y del comportamiento en niños y adolescentes /cOrganización Mundial de la Salud. a1a ed.bTraducción Pedro García Parajuá y Mónica Magaritos López. aMadrid: bOMS;c2001. a279 p. aOrganización Mundial de la Salud. (2001). Clasificación multiaxial de los trastornos psiquiátricos en niños y adolescentes. Clasificación de la CIE-10 de los trastornos mentales y del comportamiento en niños y adolescentes. (1a ed.). Madrid : OMS. aSíndromes psiquiátricos clínicos aTrastornos específicos del desarrollo psicológico aNivel intelectual aTrastornos mentales y del comportamiento aSituaciones psicosociales anómalas asociadas aEvaluación global de la discapacidad psicosocial